| 000 | 01434cam a2200229 4500 | ||
|---|---|---|---|
| 001 | WB3936-06 | ||
| 008 | 030925n2003 000 0 eng u | ||
| 035 | _a(Sirsi) u123732 | ||
| 245 | _aBreaking the link between economic growth and environmental pollution. | ||
| 260 | _c2003 | ||
| 490 |
_aDEFRA News Release _v(397/03) 25 September 2003 (3) |
||
| 520 | _aA joint discussion document launched by DEFRA and DTI is the starting point for the government's long-term programme to deliver commitments made at the World Summit on Sustainable Development in 2002. "Changing patterns: UK government framework for sustainable consumption and production" proposes breaking the link between economic growth and environmental pollution, optimising resource usage, focusing on areas where environmental damage is greatest, considering the whole life-cycle of a product, increasing consumer product and service information and government use of a range of tools to stimulate innovation and investment in cleaner technology. The framework document is available at http://www.defra.gov.uk/environment/business/scp/. http://www.defra.gov.uk/news/2003/030925a.htm | ||
| 590 | _aWB | ||
| 650 | _aENVIRONMENTAL POLLUTION | ||
| 650 | _aECONOMIC GROWTH | ||
| 650 | _aPRODUCT LIFE CYCLES | ||
| 650 | _aCONSUMER PROTECTION | ||
| 650 | _aENVIRONMENTAL DAMAGE | ||
| 650 | _aCLEAN TECHNOLOGY | ||
| 690 | _aDEVELOPMENT-SUSTAINABLE | ||
| 942 | _n0 | ||
| 999 |
_c73468 _d73468 |
||